| 000 | 00639nam a2200217 u 4500 | ||
|---|---|---|---|
| 005 | 20240511063842.0 | ||
| 008 | 170830s2006 r 000 0 eng d | ||
| 020 | _a140347592X | ||
| 035 | _aUPN01000220068 | ||
| 049 | _aI | ||
| 050 | 4 |
_aBF299 S5 _bN5.6 |
|
| 100 | 1 |
_aNieker, Diane _936452 |
|
| 245 | 1 | 0 |
_aAncho y delgado / _cDiane Nieker. |
| 260 |
_aChicago, Ill. : _bHeinemann, _c2006. |
||
| 300 |
_a24 p. : _bil. col. |
||
| 440 | 0 |
_aLee y aprende. _pTamaños |
|
| 650 | 2 |
_aPercepción del tamaño _vLiteratura infantil _923092 |
|
| 650 | 4 |
_aSENTIDOS Y SENSACIONES EN LOS NIÑOS _915677 |
|
| 905 | _aInfantil | ||
| 999 |
_c192167 _d192167 |
||